[Event "Challenge"]
[Site "http://www.queenalice.com/game.php?id=1646864"]
[Date "2021.3.16"]
[Round "-"]
[White "eltin182"]
[Black "Williamis4"]
[Result "0-1"]
[WhiteElo "1177"]
[BlackElo "1248"]

1. Nc3 e5 2. d4 exd4 3. Qxd4 Nf6 4. Ne4 Nxe4 5. Qxe4+ Qe7 6. Qf3 Nc6 7. Qc3 d6
8. Nf3 f6 9. Be3 d5 10. Bc5 Qxc5 11. Qxc5 Bxc5 12. c3 Bg4 13. Nd2 Bf5 14. O-O-O
Bxf2 15. c4 d4 16. e4 Bg6 17. g3 O-O-O 18. Be2 Nb4 19. Bg4+ Kb8 20. a3 Nd3+ 0-1

[Event "upanema online"]
[Site "http://www.queenalice.com/game.php?id=1648922"]
[Date "2021.4.7"]
[Round "2"]
[White "eltin182"]
[Black "ChrisBidlack"]
[Result "0-1"]
[WhiteElo "1183"]
[BlackElo "1213"]

1. e4 e5 2. Nf3 d6 3. Nc3 Nf6 4. Bb5+ Bd7 5. Qe2 Be7 6. Qc4 a6 7. Qa4 Nc6 8. Bc4
b5 9. Bxf7+ Kxf7 10. Ng5+ Ke8 11. Nxb5 axb5 12. Qxb5 Nd4 13. Qd3 Ng4 14. f4 Bxg5
15. fxe5 dxe5 16. O-O Rf8 17. Rf5 Nxf5 18. exf5 Rxf5 0-1

[Event "upanema online"]
[Site "http://www.queenalice.com/game.php?id=1655300"]
[Date "2021.4.23"]
[Round "3"]
[White "australia"]
[Black "eltin182"]
[Result "0-1"]
[WhiteElo "1731"]
[BlackElo "1155"]

1. e4 e5 2. Nf3 Nc6 3. c3 Nf6 4. d3 d5 5. exd5 Qxd5 6. h3 e4 7. Qe2 h5 8. Qe3
Bg4 9. hxg4 Nxg4 10. Qe2 Bc5 11. Be3 exd3 12. Qxd3 O-O-O 13. Qxd5 Rxd5 14. Bxc5
Rxc5 15. Be2 Re8 16. Nbd2 g6 17. Kd1 Nxf2+ 18. Ke1 Nxh1 0-1

[Event "Challenge May 25"]
[Site "http://www.queenalice.com/game.php?id=1760536"]
[Date "2021.5.26"]
[Round "-"]
[White "eltin182"]
[Black "SirShawn"]
[Result "0-1"]
[WhiteElo "1184"]
[BlackElo "1266"]

1. d4 c6 2. b4 e6 3. c3 g6 4. f4 Nf6 5. g3 a5 6. a3 axb4 7. axb4 Rxa1 8. Bb2
Rxb1 9. Qxb1 Na6 10. e3 b5 11. h4 h5 12. Bd3 Nxb4 13. cxb4 Bxb4+ 14. Kf1 Qa5 15.
Ne2 Bd2 16. Qc2 Bxe3 17. Bxg6 Rh6 0-1

[Event "Challenge Sept. 3"]
[Site "http://www.queenalice.com/game.php?id=1768702"]
[Date "2021.9.3"]
[Round "-"]
[White "eltin182"]
[Black "SirShawn"]
[Result "1-0"]
[WhiteElo "1193"]
[BlackElo "1279"]

1. c3 d5 2. b4 a5 3. a3 e5 4. Qa4+ Bd7 5. b5 c6 6. Nf3 cxb5 7. Qb3 a4 8. Qxd5
Qc8 9. Qxe5+ Be6 10. Qxb5+ Nc6 11. Nd4 g6 12. e3 Nf6 13. c4 Bd6 14. g3 O-O 15.
Nc3 Ra5 16. Qb2 Qb8 17. Bg2 Nb4 18. O-O Bxc4 19. Qb1 Bxf1 20. Kxf1 Nfd5 21. Ncb5
Rxb5 22. Nxb5 Be5 23. axb4 Bxa1 24. Qxa1 Nxb4 25. Qxa4 Nd3 26. Ba3 Rc8 27. Ke2
Qa8 28. Qb3 Nc5 29. Qb2 Na4 30. Qb1 Rc3 31. Nxc3 Nxc3+ 32. dxc3 Qxa3 33. Qxb7
Qxc3 34. Qb8+ Kg7 35. Bd5 h5 36. Qb7 Qf6 37. f4 g5 38. fxg5 Qf5 39. e4 Qg4+ 40.
Ke1 Qxg5 41. Qxf7+ 1-0

[Event "Uma nova peia na Samara"]
[Site "http://www.queenalice.com/game.php?id=1770163"]
[Date "2021.9.18"]
[Round "-"]
[White "Mysa"]
[Black "eltin182"]
[Result "0-1"]
[WhiteElo "933"]
[BlackElo "1183"]

1. e3 e6 2. Nc3 Bc5 3. d3 Qg5 4. Nf3 Qg4 5. e4 Nf6 6. Be2 Qxg2 7. Bf1 Qxh1 8. e5
Ng4 9. d4 Bb4 10. d5 Bc5 11. Be3 Bxe3 12. d6 Nxf2 13. dxc7 Na6 14. Rb1 Nxc7 15.
h3 Nxd1 16. Nxd1 Qxf3 17. Nxe3 Qxe3+ 18. Be2 Qxh3 19. Kd2 Nd5 20. c3 b6 21. c4
Qe3+ 22. Ke1 Nf4 23. Kd1 Nxe2 24. Rc1 Qxc1+ 25. Kxe2 Qxc4+ 26. Kd1 Qxa2 27. b3
Qxb3+ 28. Ke2 Ba6+ 29. Kf2 Qd3 30. Ke1 Qe2# 0-1

[Event "Challenge"]
[Site "http://www.queenalice.com/game.php?id=1770170"]
[Date "2021.9.18"]
[Round "-"]
[White "eltin182"]
[Black "AdilsonGomes"]
[Result "0-1"]
[WhiteElo "1196"]
[BlackElo "1335"]

1. e3 b6 2. Nc3 Bb7 3. d4 e6 4. a3 d5 5. Bb5+ Nd7 6. Qg4 Nf6 7. Qg3 a6 8. Bd3 b5
9. b4 g6 10. Nf3 Bd6 11. Qg5 h6 12. Qh4 g5 13. Nxg5 Qe7 14. e4 O-O-O 15. exd5
exd5+ 16. Be3 hxg5 17. Qxg5 Rh5 18. Qg7 Rg8 19. Qxg8+ Nxg8 0-1

[Event "Peia do fim de semana"]
[Site "http://www.queenalice.com/game.php?id=1770176"]
[Date "2021.9.18"]
[Round "-"]
[White "eltin182"]
[Black "Mysa"]
[Result "1-0"]
[WhiteElo "1191"]
[BlackElo "883"]

1. e3 d6 2. f4 c5 3. Qf3 Na6 4. Nh3 c4 5. Bxc4 Nc5 6. Bb5+ Nd7 7. Nc3 g6 8. Ng5
Rb8 9. Nd5 Qa5 10. c4 a6 11. b4 axb5 12. bxa5 bxc4 13. Nc7+ Kd8 14. Nb5 c3 15.
Nxc3 d5 16. Qxd5 e6 17. Qb5 Ke8 18. O-O e5 19. fxe5 f6 20. exf6 Nxf6 21. Rxf6 b6
22. axb6 Bb7 23. Nf7 Ke7 24. Qg5 Ne5 25. Nxe5 Ke8 26. Nf7 Ba8 27. Qe5+ Be7 28.
Qxb8+ Bd8 29. Qxd8# 1-0

[Event "A menina que gosta de levar peia"]
[Site "http://www.queenalice.com/game.php?id=1770336"]
[Date "2021.9.20"]
[Round "-"]
[White "Mysa"]
[Black "eltin182"]
[Result "0-1"]
[WhiteElo "860"]
[BlackElo "1183"]

1. d4 e6 2. g3 f5 3. Nf3 Nf6 4. Bd2 Ne4 5. h3 c6 6. h4 Na6 7. h5 b5 8. c3 Qa5 9.
Na3 b4 10. g4 fxg4 11. Ng5 bxc3 12. bxc3 Bxa3 13. f3 Nxc3 14. f4 Nxd1 15. Kxd1
Qa4+ 16. Ke1 Qxd4 17. f5 Qxa1+ 18. Kf2 exf5 19. e3 Qxa2 20. Ke1 Rb8 21. Ba5 Rb1#
0-1

[Event "Peia na Mysa que ama levar "]
[Site "http://www.queenalice.com/game.php?id=1770499"]
[Date "2021.9.22"]
[Round "-"]
[White "eltin182"]
[Black "Mysa"]
[Result "1-0"]
[WhiteElo "1189"]
[BlackElo "835"]

1. e3 e6 2. Qg4 Qf6 3. Bb5 Qe5 4. Nc3 a6 5. Nf3 Qd6 6. Ne4 Qe7 7. Bc4 Nh6 8. Qh5
b6 9. Qe5 Nc6 10. Qxc7 Qc5 11. Nxc5 bxc5 12. Qf4 a5 13. b3 Ba6 14. Bb2 Be7 15.
Qg3 Nb4 16. Qxg7 Bf8 17. Qxh8 Ng8 18. Qxg8 Nxc2+ 19. Kd1 Nxa1 20. Bxa1 Bxc4 21.
bxc4 Ke7 22. Ng5 Ke8 23. Nxh7 a4 24. Bf6 a3 25. Qxf8# 1-0

[Event "Peia BEM dada é o que ela quer!"]
[Site "http://www.queenalice.com/game.php?id=1770614"]
[Date "2021.9.23"]
[Round "-"]
[White "eltin182"]
[Black "Mysa"]
[Result "1-0"]
[WhiteElo "1191"]
[BlackElo "828"]

1. e3 d6 2. f4 Be6 3. Qf3 Bd7 4. Bd3 Nf6 5. Ne2 Ng8 6. Qxb7 Bc8 7. Qxa8 Ba6 8.
Qxa7 Bxd3 9. cxd3 d5 10. Nbc3 Nh6 11. b3 Nf5 12. Ba3 Nxe3 13. Qxe3 Nc6 14. O-O
Na5 15. Qa7 Qd7 16. Qxa5 g6 17. Nxd5 Bh6 18. Rac1 Bxf4 19. Nexf4 g5 20. Nxe7
Qxe7 21. Bxe7 Kxe7 22. Qxc7+ Ke8 23. Rfe1+ Kf8 24. Qe5 gxf4 25. Rc8# 1-0

[Event "Peia gostosa todinha e so nela!"]
[Site "http://www.queenalice.com/game.php?id=1771132"]
[Date "2021.9.30"]
[Round "-"]
[White "eltin182"]
[Black "Mysa"]
[Result "1-0"]
[WhiteElo "1212"]
[BlackElo "824"]

1. e3 d5 2. d3 Bf5 3. Bd2 Nc6 4. Be2 Na5 5. Bxa5 Bg6 6. Bf3 Qd6 7. Nc3 Qa6 8.
Bxc7 Qc6 9. Bg3 Qf6 10. Nxd5 Qa6 11. Ne2 f6 12. Nef4 Bf5 13. Nc7+ Kf7 14. Nxa6
bxa6 15. c3 a5 16. Qb3+ e6 17. Bxa8 Bxd3 18. Nxd3 Be7 19. Bf3 a4 20. Qxa4 a6 21.
Qxa6 Nh6 22. O-O-O g6 23. Nf4 e5 24. Bd5+ Kf8 25. Ne6+ Ke8 26. Qc6+ Kf7 27. f4
exf4 28. Nxf4+ Kf8 29. Qe6 Bd6 30. Qxd6+ Ke8 31. Ne6 f5 32. Qd8+ Kf7 33. Qxh8
Ke7 34. Qxh7+ Ke8 35. Qxg6+ Ke7 36. Bh4+ Kd7 37. Nf8+ Kc7 38. Qc6+ Kb8 39. Qb7#
1-0

[Event "Peia no rabo gostoso!"]
[Site "http://www.queenalice.com/game.php?id=1771846"]
[Date "2021.10.9"]
[Round "-"]
[White "eltin182"]
[Black "Mysa"]
[Result "1-0"]
[WhiteElo "1214"]
[BlackElo "822"]

1. e3 d6 2. f4 a6 3. Bd3 a5 4. Bb5+ c6 5. Bd3 Be6 6. Nc3 Bd5 7. e4 Be6 8. Nf3
Na6 9. Nd4 Bd7 10. Qf3 Nb4 11. O-O Nxc2 12. Bxc2 Nh6 13. Nde2 Be6 14. Qe3 Ng4
15. Qd4 Nh6 16. f5 Ng4 17. h3 Nh6 18. d3 a4 19. fxe6 fxe6 20. Nxa4 g6 21. Qxh8
c5 22. Qxh7 Qb8 23. Qxg6+ Nf7 24. Nb6 Qa7 25. Ba4+ Kd8 26. Rxf7 Qb8 27. Rxf8+
Kc7 28. Rxb8 Kxb8 29. Qe8+ Kc7 30. Nxa8# 1-0

[Event "Quanto mais peia melhor!"]
[Site "http://www.queenalice.com/game.php?id=1771896"]
[Date "2021.10.11"]
[Round "-"]
[White "eltin182"]
[Black "Mysa"]
[Result "1-0"]
[WhiteElo "1216"]
[BlackElo "822"]

1. e3 e5 2. Nc3 Bd6 3. Qg4 Nh6 4. Qxg7 Bf8 5. Qxh8 Qe7 6. Qxh7 Nc6 7. Nd5 Qd8 8.
Be2 b6 9. Bh5 Nb4 10. Nxb4 Bb7 11. Nf3 Bd5 12. Nxd5 c6 13. Nc3 b5 14. Ne4 b4 15.
Nfg5 Nf5 16. Qxf7# 1-0

[Event "Challenge"]
[Site "http://www.queenalice.com/game.php?id=1774287"]
[Date "2021.11.8"]
[Round "-"]
[White "eltin182"]
[Black "ilbarbierefallito"]
[Result "0-1"]
[WhiteElo "1220"]
[BlackElo "1561"]

1. e3 e5 2. Nf3 e4 3. Nd4 c5 4. Nb5 a6 5. N5c3 d5 6. d4 cxd4 7. exd4 Nf6 8. f4
exf3 9. Qxf3 Be7 10. Qg3 Nh5 11. Qe5 Nf6 12. Qg5 g6 13. Qe5 Nc6 14. Qg5 Nxd4 15.
Bd3 Bf5 16. O-O Bxd3 17. cxd3 Nc2 18. Rxf6 Bxf6 19. Qxd5 Qxd5 20. Nxd5 Be5 21.
Bg5 Nxa1 22. Bf6 Bxf6 23. Nxf6+ Kf8 24. Nc3 Rd8 0-1

[Event "Peia na cagona linda! <3"]
[Site "http://www.queenalice.com/game.php?id=1776542"]
[Date "2021.12.8"]
[Round "-"]
[White "eltin182"]
[Black "Mysa"]
[Result "1-0"]
[WhiteElo "1218"]
[BlackElo "821"]

1. e3 c6 2. d4 Na6 3. Nc3 Nb4 4. Nf3 Qc7 5. Ne5 Qa5 6. g3 Qa6 7. Bxa6 bxa6 8. e4
Nh6 9. Bd2 Ng4 10. Nxg4 g6 11. Ne5 Nd3+ 12. cxd3 a5 13. Qa4 Ba6 14. Qxa5 Bxd3
15. Nxd3 Rd8 16. Qxa7 g5 17. e5 1-0

[Event "Challenge"]
[Site "http://www.queenalice.com/game.php?id=1778371"]
[Date "2021.12.27"]
[Round "-"]
[White "ilbarbierefallito"]
[Black "eltin182"]
[Result "1-0"]
[WhiteElo "1570"]
[BlackElo "1220"]

1. d4 d5 2. Nf3 f6 3. e3 Qd6 4. Nc3 e5 5. Be2 e4 6. Nd2 c5 7. Nb3 cxd4 8. Qxd4
Nc6 9. Qxd5 Qxd5 10. Nxd5 Bd6 11. O-O Nge7 12. Nxe7 Nxe7 13. Bc4 Bf5 14. Rd1
O-O-O 15. Nd4 Bg4 16. Rd2 Bb4 17. c3 Bd6 18. Nb5 Bc5 19. Nd4 Rhe8 20. Be6+ Bxe6
21. Nxe6 Rxd2 22. Bxd2 Bb6 23. Nxg7 Rd8 24. Be1 Rd5 25. Ne6 Rb5 26. b4 a5 27. a4
Re5 28. Nd4 Bc7 29. c4 b6 30. Bc3 Rh5 31. h3 Kb7 32. Rb1 f5 33. bxa5 Ka6 34.
axb6 Bxb6 35. Bb4 Ng6 36. c5 Bc7 37. Ne6 Be5 38. c6 1-0

[Event "Challenge"]
[Site "http://www.queenalice.com/game.php?id=1780483"]
[Date "2022.1.15"]
[Round "-"]
[White "eltin182"]
[Black "Antonella"]
[Result "0-1"]
[WhiteElo "1218"]
[BlackElo "1311"]

1. e3 d5 2. d4 Nc6 3. Bb5 Bd7 4. c3 e5 5. Qb3 Nf6 6. Nd2 Na5 7. Qa4 c6 8. dxe5
cxb5 9. Qf4 Nh5 10. Qd4 Be6 11. e4 Nc6 12. Qd3 Nf4 13. Qxb5 Nxg2+ 14. Kf1 Nf4
15. Qxb7 Na5 16. Qb5+ Bd7 17. Qa6 Qg5 18. Qxa5 Qg2+ 19. Ke1 Qxh1 20. Nf3 Qxf3
21. Nxf3 Nd3+ 22. Ke2 dxe4 23. Qd5 Nxc1+ 24. Rxc1 exf3+ 25. Kxf3 O-O-O 26. Qa8+
Kc7 27. Qxa7+ Kc6 28. Rd1 Bc5 29. Qa6+ Bb6 30. Rd4 Kc7 31. Qc4+ Kb7 32. Qxf7
Rhf8 33. Rxd7+ Kc6 34. Rd6+ Rxd6 35. Qxf8 Rd2 36. e6 Rxf2+ 0-1